Administration et administres en Europe
Guardado en:
| Formato: | Libro |
|---|---|
| Lenguaje: | francés |
| Publicado: |
París
Editions du Centre National de la Recherche Scientifique
1984
|
| Materias: | |
| Etiquetas: |
Agregar Etiqueta
Sin Etiquetas, Sea el primero en etiquetar este registro!
|
MARC
| LEADER | 00000nam a2200000 a 4500 | ||
|---|---|---|---|
| 001 | UCY9692 | ||
| 003 | CL-VaPUC | ||
| 008 | 950720e19840000FR |||||||||||||||||fre|d | ||
| 082 | 0 | 4 | |a 351 |b ADM |2 21 |
| 245 | 1 | 0 | |a Administration et administres en Europe |
| 300 | |a 352 p | ||
| 942 | |c BK | ||
| 945 | |d 19950720 00:00:00 |a rbrito | ||
| 260 | |a París |b Editions du Centre National de la Recherche Scientifique |c 1984 | ||
| 650 | 0 | |a Descentralización administrativa (administración descentralizada) |9 255464 | |
| 650 | 0 | |a Administradores públicos |9 342224 | |
| 650 | 0 | |a Congresos |9 257560 | |
| 650 | 7 | |a JURIDICCION ADMINISTRATIVA |2 CL-VaPUC |9 342225 | |
| 650 | 0 | |a Administración pública |9 255343 | |
| 651 | 0 | |a Europa |9 255156 | |
| 583 | |a last modification |c 19950720 00:00:00 |k Rodrigo Vera | ||
| 999 | |c 236739 |d 236737 | ||
| 952 | |0 0 |1 0 |4 0 |6 351_000000000000000_ADM_1984 |7 0 |8 A |9 245055 |a BIBDER |b BIBDER |d 2019-11-18 |i 3108260 |o 351 ADM 1984 |p 3108260 |r 2023-01-25 |w 2019-11-18 |y BK |k DER | ||